04019nam a22004335i 4500001001800000003000900018005001700027007001500044008004100059020003700100024003500137050001600172072001600188072002300204072001500227082001500242245016000257250001800417264007500435300006500510336002600575337002600601338003600627347002400663505154400687520086302231650001603094650009203110700008303202700007503285710003403360773002603394776003603420776003603456856004603492912001403538912001403552999001903566978-3-030-28328-5DE-He21320200904105203.0cr nn 008mamaa200810s2020 gw | s |||| 0|eng d a97830302832859978-3-030-28328-57 a10.1007/978-3-030-28328-52doi 4aRC681-688.2 7aMJD2bicssc 7aMED0100002bisacsh 7aMJD2thema04a616.1222310aPractical Cardiologyh[electronic resource] :bEvaluation and Treatment of Common Cardiovascular Disorders /cedited by Ragavendra R. Baliga, Kim A. Eagle. a3rd ed. 2020. 1aCham :bSpringer International Publishing :bImprint: Springer,c2020. aIX, 469 p. 121 illus., 49 illus. in color.bonline resource. atextbtxt2rdacontent acomputerbc2rdamedia aonline resourcebcr2rdacarrier atext filebPDF2rda0 aChest Pain -- Dyspnea -- Palpitations -- Edema -- Syncope -- Approach to Claudication -- Coronary Artery Disease -- Primary Prevention of Coronary Artery Disease -- Secondary Prevention of Coronary Artery Disease -- Stable Angina -- Unstable Angina -- Non-ST Elevation Myocardial Infarction -- Acute ST Elevation Myocardial Infarction -- Hypertension -- Primary Hypertension -- Approach to Secondary Hypertension -- Congestive Heart Failure -- Heart Failure Due to Left Ventricular Systolic Dysfunction -- Heart Failure with Preserved Systolic Function -- Arrhythmias -- Paroxysmal Supraventricular Tachycardia -- Atrial Fibrillation & Atrial Flutter -- Ventricular Tachycardia -- Bradycardia -- Valvular Heart Disease -- Infectious Endocarditis -- Mitral Regurgitation -- Aortic Regurgitation -- Mitral Stenosis -- Aortic Stenosis -- Tricuspid -- Pulmonary Valve Disease -- Pericardial Disease & Cardiac Neoplasms -- Acute Pericarditis -- Pericardial Effusion -- Pericardial Constriction -- Aortic & Major Vascular Diseases -- Abdominal Aortic Aneurysms -- Nondissecting Thoracic Aneurysms -- Aortic Dissection -- Cerebrovascular Disease -- Deep Venous Thrombosis -- Lower Extremity Ischemia -- Pulmonary Vascular Diseases -- Pulmonary Embolism -- Pulmonary Hypertension & Cor Pulmonale -- Diagnosis & Management -- Congenital Heart Disease in Adults -- Management of Chronic Anticoagulation -- Assessing & Minimizing Cardiac Risk of Noncardiac Surgery -- Management of the Cardiac Surgery Patient -- Complementary & Alternative Medicine. aThis thoroughly updated new edition of the classic practical textbook provides a user-friendly, authoritative guide to evaluation of common cardiovascular symptoms and evaluation and management of common cardiovascular conditions. Coverage also includes clinical challenges such as management of chronic anticoagulation, assessing and minimizing cardiac risk in noncardiac surgery, and management of the cardiac surgery patient. Numerous tables and algorithms help readers find information quickly and aid in clinical decision-making. Practical Cardiology, Evaluation and Treatment of Common Cardiovascular Disorders reflects the current American College of Cardiology/American Heart Association guidelines and provides a concise yet comprehensive handbook presents practical information on the common cardiovascular problems that clinicians encounter daily. 0aCardiology.14aCardiology.0https://scigraph.springernature.com/ontologies/product-market-codes/H330371 aBaliga, Ragavendra R.eeditor.4edt4http://id.loc.gov/vocabulary/relators/edt1 aEagle, Kim A.eeditor.4edt4http://id.loc.gov/vocabulary/relators/edt2 aSpringerLink (Online service)0 tSpringer Nature eBook08iPrinted edition:z978303028326108iPrinted edition:z978303028327840uhttps://doi.org/10.1007/978-3-030-28328-5 aZDB-2-SME aZDB-2-SXM c461409d461409